00661nam a2200205Ia 4500003000900000008004100009020001800050040001600068080001500084245008200099260004100181300001000222650004100232650001400273650001900287700002900306942000700335999001500342952009800357IN-BaIIA211028s9999 xx 000 0 eng d a0-8008-1925-X cIIA Library a524.8bCOS 0aCosmology nowcedited by Laurie John  aNew YorkbTaplinger Publishingc1976 a168p. aAstronomy and astrophysics thesaurus aCosmology aUniverse91987 aJohn, Laurie., ed.99886 cBK c5705d5705 00104070aBANbBANcGENd1978-01-07l0o524.8/ COSp6380r2021-11-05w1978-01-07yBK 10.95